000 00587nam a22002177a 4500
001 2490
003 BD-RjUL
005 20211208233550.0
008 160619s1982 ii ||| |||| 001 0 eng d
035 _a(BD-RjUL)2517
040 _aBD-RjUL
_beng
_cBD-RjUL
041 _aeng
082 0 4 _a330.947
_bMOE
100 1 _aModak, A.G.
_97134
245 _aEconomic Development of the U.S.S.R /
_cA.G.Modak
260 _aBombay :
_bHimalaya Publishing Hous ,
_c1982
300 _a195p. :
_bill. ;
_c21cm.
504 _aIncludes Index
650 7 _aEconomic Development
_98063
942 _2ddc
_cBK
999 _c2490
_d2490